Conversaciones con josé maría rosa /

Guardado en:
Autor Principal: Hernández, Pablo José
Formato: Libro
Publicado: Argentina : Colihue-hachette, 1978
Materias:
Etiquetas: Agregar Etiqueta
Sin Etiquetas, Sea el primero en etiquetar este registro!
LEADER 00502nam a22001695a 4500
001 CEM.cems003235
005 19000101000000.0
008 130507s1978##################000#0#####d
003 CEMS
082 0 4 |a 923 
100 1 |a Hernández, Pablo José 
245 1 0 |a Conversaciones con josé maría rosa /  |c Pablo José Hernández 
260 |a Argentina :  |b Colihue-hachette,  |c 1978 
300 |a 245 p. 
653 |a Biografias 
653 |a Historia argentina 
859 |a CEMS  |b BIB. CEMS - 11 de abril  |h 923  |i R71h  |p 12167.83  |t Ej.1